Urbanization In Northeast India (Record no. 4733)

MARC details
000 -LEADER
fixed length control field 00512cam a2200193ua 4500
001 - CONTROL NUMBER
control field 5574
005 - DATE AND TIME OF LATEST TRANSACTION
control field 20260515113916.0
008 - FIXED-LENGTH DATA ELEMENTS--GENERAL INFORMATION
fixed length control field 131004n ii |||gr||||Z||||||eng
020 ## - INTERNATIONAL STANDARD BOOK NUMBER
International Standard Book Number 978-81-8370-192-1
040 ## - CATALOGING SOURCE
Transcribing agency MAIN
082 ## - DEWEY DECIMAL CLASSIFICATION NUMBER
Classification number 307.76
245 11 - TITLE STATEMENT
Title Urbanization In Northeast India
Remainder of title Issues and Concerns
260 ## - PUBLICATION, DISTRIBUTION, ETC.
Place of publication, distribution, etc. New Delhi:
Name of publisher, distributor, etc. Akansha Publishing House,
Date of publication, distribution, etc. 2009.
300 ## - PHYSICAL DESCRIPTION
Extent xi,128p.
653 ## - INDEX TERM--UNCONTROLLED
Uncontrolled term Sociology
653 ## - INDEX TERM--UNCONTROLLED
Uncontrolled term Urbanization In Northeast India
700 1# - ADDED ENTRY--PERSONAL NAME
Personal name Sudhir,H.,
Relator term Editor.
942 ## - ADDED ENTRY ELEMENTS (KOHA)
Koha item type Books
Holdings
Withdrawn status Lost status Damaged status Not for loan Home library Current library Shelving location Date acquired Total checkouts Full call number Barcode Date last seen Copy number Price effective from Koha item type
        Naharkatiya College Library Naharkatiya College Library General stacks 09/19/2020   307.76 | URB 21558 09/19/2020 1 09/19/2020 Books